La nueva era y la biblia

Saved in:
Bibliographic Details
Main Author: Petrino, Juan Daniel (Author)
Format: Book
Language:Spanish
Published: Buenos Aires Claretiana 1994
Series:Colección Tercer Milenio, 6
Subjects:
Tags: Add Tag
No Tags, Be the first to tag this record!

MARC

LEADER 00000nam a2200000 a 4500
001 UCP4086
003 CL-VaPUC
008 990724e19940000AG |||||||||||||||||spa|d
082 0 4 |a 299.93  |b PET  |2 21 
100 0 |a Petrino, Juan Daniel  |e author  |9 431487 
245 1 3 |a La nueva era y la biblia 
300 |a 37 p 
942 |c BK 
945 |d 19990724 00:00:00  |a rbrito 
260 |a Buenos Aires  |b Claretiana  |c 1994 
650 0 |a Biblia  |9 257603 
650 0 |a Crítica e interpretación   |9 255042 
650 0 |a Textos sagrados   |9 257605 
650 0 |a Ocultismo   |9 265006 
583 |a last modification  |c 19990724 00:00:00  |k Rodrigo Vera 
490 0 |a Colección Tercer Milenio, 6 
999 |c 282155  |d 282153 
952 |0 0  |1 0  |4 0  |6 299_930000000000000_PET_1994  |7 0  |8 A  |9 323641  |a BIBTEO  |b BIBTEO  |d 2019-11-20  |i 2025760  |o 299.93 PET 1994  |p 2025760  |r 2025-01-17  |w 2019-11-20  |y BK  |k ICR